Quizzes
Events
Quiz Creation
Community
Videos
Private Events
Remove Ads
Sign In
Join for FREE
Feedback
Dark Mode
Quiz Categories
Sports
Geography
Music
Movies
Television
Just For Fun
Miscellaneous
History
Literature
Language
Science
Gaming
Entertainment
Religion
Holiday
For Kids
Quiz Lab
Recent
Popular Today
Quiz Kudos Today
Editor Picks
Curator Picks
Quizzes by...
Day
Popularity
Type
Ratings
Length
Year
Community
Subscriptions
Recent Discussions
Orange Saloon
Badges
Playlists
Quests
Create
Leaderboards
Showdown
Live 5
Trivia Bingo
Activity
Puzzle Library
Sporcle Events
Private Events
Virtual Trivia
Globe League
Become a Host
Pub Owners
SporcleCon
Opinionation
Our Games
Videos
Blog
Mobile Apps
Partnerships
Remove Ads and Go Orange
Feedback
Entertainment
Celebrity
Famous
Musical
Broadway
Show
Quote
Comic Books
Anime
Superhero
DC Comics
Marvel
Cartoons
Animation
Entertainment
Celebrity
Famous
Musical
Broadway
Show
Quote
Comic Books
Anime
Superhero
DC Comics
Marvel
Cartoons
Animation
Random Quiz
Search Sporcle
×
Quiz Lab
Quiz Lab
Entertainment
tough
Type in answers that appear in a list
Type in answers that appear in a list
Classic
Best Score? Go Orange.
Tough Harry Potter Trivia Stats
Can you name the answers to these random Harry Potter questions?
By
somebody
10m
20 Questions
199 Plays
199 Plays
199 Plays
Comments
Comments
Give Quiz Kudos
Give Quiz Kudos
-
- Ratings
hide this ad
Replay
Link that replays current quiz
Next Quiz
Link to next quiz in quiz playlist
You Got
0%
They Got
Avg Score
55%
Avg Friend Score
Upgrade to see
Score Distribution
Jump to the score distribution portion of the page
Score
0/20
Timer
10:00
0
Plays Today
% Correct
Dumbledore's third name
Wulfric
81.4%
The owner of the ice cream shop in Diagon Alley? (Last name only)
Fortescue
77.9%
Bellatrix's nickname for Narcissa
Cissy
72.9%
Luna's father's first name
Xenophilius
71.4%
Hufflepuff's animal/
symbol
Badger
70.9%
Professor Flitwick's first name
Filius
66.8%
Ron's middle name
Bilius
65.3%
While Tom Riddle was at Hogwarts, the Headmaster was Professor _
_
_
_
_
_
Dippet
63.8%
The name of Ginny's pygmy puff
Arnold
61.3%
The Arithmancy teacher's (at Hogwarts) last name
Vector
60.8%
% Correct
The full name of who Harry tells Stan Shunpike his name is the first time they meet
Neville Longbottom
60.8%
The last name of Cho's friend in Dumbledore's Army
Edgecomb
57.3%
Mr. Dursley's company's name
Grunnings
56.3%
The name of the street that Snape lives on
Spinner's End
54.8%
Dumbledore's favorite flavor of jam
Raspberry
52.3%
The first and last name of the man that Harry turns into at the Ministry in Deathly Hallows
Albert Runcorn
47.2%
The name of the goblin language
Gobbledegook
40.2%
How 'Weasley' is spelled in front of their tent at the Quidditch World Cup
Weezly
29.1%
Hermione's middle name
Gene
19.1%
'The most powerful love potion in the world'
Armortenita
3%
Quiz Playlist
Details
Report
Send in Message
Add To Playlist
Classic:
Type in answers that appear in a list
Last Updated: Feb 16, 2017
Quiz Scoreboard
CHALLENGE
Sign Up to Join the Scoreboard
Show All
Scores
Hide
Comments
May contain spoilers
Recently Published
Billboard Blitz: Fleetwood Mac
by CooCooCachoo
Music
15s
Presidents Visiting Landmarks
by Hejman
History
7m
An Introduction to Baseball
by treessimontrees
Sports
5m
More to Explore
Quiz From the Vault
Featured Blog Post
Where Did the Easter Bunny Come From?
hide this ad
You Might Also Like...
Tags
tough
Today's Top Quizzes in Entertainment
Browse Entertainment
hide this ad
Today's Top Quizzes in tough
Browse tough
Top Contributed Quizzes in Entertainment
1
7-to-1: DC Comics Villains
2
Marvel Characters Bunker
3
Eurovision 2023 Logic Puzzle
4
Dragon Ball Z: Goku's Fights in Order
5
Kamen Rider Motifs
6
Criteria Quickie: Cartoon Taxonomy II
7
Sorting Pictures: Villains
8
Fictional Villains Letter U Blitz
9
Mini Trivia Sudoku: Musicals
10
Dragon Ball Z: Mega Character Search
Explore More
Trending Topics
Crossword
NBA
Disney
Harry Potter
Marvel
Kpop
Anime
WWE
Pokémon
Soccer
Puzzle
Country
Song
NFL
The Office
hide this ad
More By:
somebody
Quiz
Plays
Rating
Category
Featured
Created
Tough Harry Potter Trivia
199
1.00
Entertainment
Oct 3, 2011
Go to Creator's Profile
Score Distribution
Quiz Creator Spotlight
somebody
Follow
Send a Message
Quizzes Created
-
Created Quiz Play Count
-
More By This Creator
Popular Quizzes Today
1
Find the US States - No Outlines Minefield
2
Find the Countries of Europe - No Outlines Minefield
3
The Countries of the World
4
Find the US States
5
Risky Map Clicking: Biggest States A-Z
6
US States
7
Popular People in 1961
8
Movies - When Are They Set?
More Entertainment Quizzes
Celebrity Moms
Curator's Pick
Trending Quizzes
Risky Map Clicking: Least Populous States A-Z
1-10 Letter G Words
1-10 Letter F Words
Risky Map Clicking: Next State Alphabetically
Risky Map Clicking: Biggest States A-Z
Recently Updated
Leaping Animals
pecheneg
Reality TV Shows (A-Z)
bhenderson79
Rickey Henderson's Hall of Fame Teammates
pecheneg
Champions League XIs: Arsenal
pecheneg
Quick Pick: Celebrities in WWE's Hall of Fame
aduchscher
A-Z Keypad Blitz II
pecheneg
Multiple Oscar Actors
pecheneg
Mystery Phrase Blitz: Oscar 'Best Actors'
pecheneg
F. Scott Fitzgerald Novels
LTH
Pick 3 Villains
ddd62291
Trending Topics
Crossword
NBA
Marvel
Kpop
Anime
Disney
Harry Potter
Country
Pokémon
Song
The Office
NFL
Soccer
Puzzle
WWE
Your Account Isn't Verified!
In order to create a playlist on Sporcle, you need to verify the email address you used during registration. Go to your
Sporcle Settings
to finish the process.
Report this User
Report this user for behavior that violates our
Community Guidelines
.
Details:
Send Report
Go to the Sporcle.com Mobile Site →
Comments